| 000 | 00882nam a2200253Ia 4500 | ||
|---|---|---|---|
| 003 | OSt | ||
| 005 | 20220923222450.0 | ||
| 006 | a|||||r|||| 00| 0 | ||
| 007 | ta | ||
| 008 | 220922b |||||||| |||| 00| 0 hin d | ||
| 024 | _a205,163 | ||
| 037 | _cTextual | ||
| 040 |
_aARTS _cARTS _bhin |
||
| 041 |
_2hin _ahin |
||
| 082 | _aO11195,1:g, L8 | ||
| 100 | _aशर्मा, कृष्णदेव | ||
| 245 | 0 | _aपाश्चात्य काव्यशास्त्र के सिद्धांत | |
| 246 | _aPāshchātya kāvyashāstra ke siddhāanta | ||
| 260 |
_aआगरा _b विनोद पुस्तक मंदिर _c1978 |
||
| 300 |
_a463i``0 _ccm. |
||
| 650 | _aपाश्चात्य साहित्य | ||
| 942 |
_hO11195,1:g, L8 _cTEXL _2CC |
||
| 999 |
_c355893 _d355893 |
||